000 00661nam a2200229 a 4500
001 BRCA_3873
005 20190320204446.0
008 201209s1948----mx-a######---#000-0#spa-#
041 _aspa
044 _amx
050 4 _aN6550
_b.M67 1948
100 1 _aMoreno Villa, José.
_910083
245 1 0 _aLo mexicano en las artes plásticas
_cJosé Moreno Villa.
260 _aMéxico
_bEl Colegio de México
_c1948
300 _a174 p.
_bil.
_c24 cm.
500 _aIncluye índice de nombres, ejemplos citados e índice de ilustraciones.
500 _aC33
650 1 4 _aArte mexicano.
_92321
650 1 4 _aArte español.
_92063
902 _aGFM
942 _2lcc
_cB
999 _c3601
_d3601